000 00432nam a2200181Ia 4500
001 15599
005 20260306170208.0
008 260306t2008||||xx |||||||||||||| ||und||
041 _aESP
082 _a551
_bM84
100 _aMonroe, James S.
_eAUT
245 0 _aGeología:
_bdinámica y evolución de la tierra
260 _c2008
300 _axv, 726
_c27 cm.
650 _aGEN
654 _aCIC
942 _cLIB
_dJUS
_fJUS
_2ddc
_n
999 _c15599
_d15599